000 00302nam a2200121Ia 4500
008 240624s9999 xx 000 0 und d
041 _aeng
082 _a025.431 DEW
100 _aDEWEY MELVIL
245 _aDEWEY DECIMAL CLASSIFICATION AND RELATIVE INDEX R
260 _c2003
_aOhio
_bOCLC
300 _a928
999 _c1323
_d1323